Normal view
MARC view
Entry Uniform Title
001 - CONTROL NUMBER
- control field: 17331
003 - CONTROL NUMBER IDENTIFIER
- control field: dpl
005 - DATE AND TIME OF LATEST TRANSACTION
- control field: 20100827155520.0
008 - FIXED-LENGTH DATA ELEMENTS
- fixed length control field: 100827|||a|||||| | ||| d
040 ## - CATALOGING SOURCE
- Original cataloging agency: dpl
- Transcribing agency: dpl
130 ## - HEADING--UNIFORM TITLE
- Uniform title: वसुंधरा विश्व साहित्य श्रृखला-1 /
670 ## - SOURCE DATA FOUND
- Source citation: Work cat.: (dpl)34762: नदी का तीसरा किनारा /, 2009
670 ## - SOURCE DATA FOUND
- Source citation: Work cat.: (dpl)34762: नदी का तीसरा किनारा /, 2009
